|
|
|
|
| LEADER |
00000cam a22000004a 4500 |
| 001 |
musev2_19984 |
| 003 |
MdBmJHUP |
| 005 |
20230905042135.0 |
| 006 |
m o d |
| 007 |
cr||||||||nn|n |
| 008 |
100311s1991 txu o 00 0 eng d |
| 020 |
|
|
|a 9780875655116
|
| 020 |
|
|
|z 9780875650883
|
| 035 |
|
|
|a (OCoLC)551416454
|
| 040 |
|
|
|a MdBmJHUP
|c MdBmJHUP
|
| 100 |
1 |
|
|a Selcer, Richard F.
|
| 245 |
1 |
0 |
|a Hell's Half Acre :
|b The Life and Legend of a Red-Light District /
|c Richard F. Selcer.
|
| 264 |
|
1 |
|a Fort Worth :
|b Texas Christian University Press,
|c 1991.
|
| 264 |
|
3 |
|a Baltimore, Md. :
|b Project MUSE,
|c 2014
|
| 264 |
|
4 |
|c ©1991.
|
| 300 |
|
|
|a 1 online resource (364 pages):
|b illustrations, maps
|
| 336 |
|
|
|a text
|b txt
|2 rdacontent
|
| 337 |
|
|
|a computer
|b c
|2 rdamedia
|
| 338 |
|
|
|a online resource
|b cr
|2 rdacarrier
|
| 490 |
0 |
|
|a Chisholm Trail series ;
|v no. 9
|
| 520 |
|
|
|a Includes material on Luke Short, Bat Masterson, Wyatt Earp, Doc Holliday, Sam Bass, and Butch Cassiday.
|
| 588 |
|
|
|a Description based on print version record.
|
| 651 |
|
7 |
|a Texas
|z Fort Worth.
|2 fast
|0 (OCoLC)fst01204692
|
| 651 |
|
0 |
|a Fort Worth (Tex.)
|x Social conditions.
|
| 651 |
|
0 |
|a Fort Worth (Tex.)
|x History.
|
| 650 |
|
7 |
|a Violence.
|2 fast
|0 (OCoLC)fst01167224
|
| 650 |
|
7 |
|a Social conditions
|2 fast
|0 (OCoLC)fst01919811
|
| 650 |
|
7 |
|a Prostitution.
|2 fast
|0 (OCoLC)fst01079562
|
| 650 |
|
6 |
|a Violence
|z Texas
|z Fort Worth
|x Histoire.
|
| 650 |
|
0 |
|a Violence
|z Texas
|z Fort Worth
|x History.
|
| 650 |
|
0 |
|a Prostitution
|z Texas
|z Fort Worth
|x History.
|
| 655 |
|
7 |
|a History.
|2 fast
|0 (OCoLC)fst01411628
|
| 655 |
|
7 |
|a Electronic books.
|2 local
|
| 710 |
2 |
|
|a Project Muse.
|e distributor
|
| 830 |
|
0 |
|a Book collections on Project MUSE.
|
| 856 |
4 |
0 |
|z Texto completo
|u https://projectmuse.uam.elogim.com/book/19984/
|
| 945 |
|
|
|a Project MUSE - Custom Collection
|
| 945 |
|
|
|a Project MUSE - Archive Complete Supplement II
|
| 945 |
|
|
|a Project MUSE - Archive US Regional Studies, South Supplement II
|